College and Understanding Statistics (Record no. 2167)
[ view plain ]
| 000 -LEADER | |
|---|---|
| fixed length control field | 00355nam a22001337a 4500 |
| 008 - FIXED-LENGTH DATA ELEMENTS--GENERAL INFORMATION | |
| fixed length control field | 250307b |||||||| |||| 00| 0 eng d |
| 020 ## - INTERNATIONAL STANDARD BOOK NUMBER | |
| ISBN | 9789784845625 |
| 100 ## - MAIN ENTRY--AUTHOR | |
| Author | Omotosho Yode Moses |
| 245 ## - TITLE STATEMENT | |
| Title | College and Understanding Statistics |
| 260 ## - PUBLICATION, DISTRIBUTION, ETC. (IMPRINT) | |
| Place of publication | Ibadan |
| Name of publisher | Yosod Book Publishers Ltd |
| Date of publication | 2019 |
| 300 ## - COLLATION | |
| Pagination | vi,203p |
| 942 ## - ADDED ENTRY ELEMENTS (KOHA) | |
| Item type | Books |
| 050 ## - LIBRARY OF CONGRESS CALL NUMBER | |
| Classification number | QA276.18 |
| Item number | .O65 |
| Source of classification or shelving scheme | Not for loan | Permanent location | Current location | Date acquired | Accession No. | Full call number | Barcode. | Koha item type |
|---|---|---|---|---|---|---|---|---|
| Library of Congress Classification | Samuel Ogbemudia Main Library, University of Abuja | Samuel Ogbemudia Main Library, University of Abuja | 03/07/2025 | 2023/61707 | QA276.18.O65 | 2025-0393 | Books | |
| Library of Congress Classification | Samuel Ogbemudia Main Library, University of Abuja | Samuel Ogbemudia Main Library, University of Abuja | 03/07/2025 | 2023/61707 | QA276.18.O65 | 2025-0394 | Books |